000
00483nam a2200145Ia 4500
008
090124s9999 xx 000 0 und d
082
_b
205130
245
_a
नेताजी सुभाषचन्द्र बोस
250
_a
1
260
_b
हर्ष हरदान
_c
1999
300
_a
120
630
_a
नेताजी सुभाषचन्द्र बोस
730
_a
नेताजी सुभाषचन्द्र बोस
942
_c
BOOK
999
_c
186711
_d
186711